Southville International School and Colleges
Your cart is empty.
  • Cart
  • Lists
    Public lists Eva Luna New books Lux_list list_1
    Your lists Log in to create your own lists
  • Log in to your account
  • Your cookies
  • Search history
Southville International School and Colleges
  • Advanced search
  • Recent comments
  • Most popular
  • Libraries

Log in to your account

Log in with GOOGLE


If you do not have an external account, but do have a local account, you can still log in:

  1. Home
  2. MARC view: Electronic media law and regulation /
Normal view MARC view ISBD view

Electronic media law and regulation / (Record no. 39312)

[ view plain ]
MARC details
000 -LEADER
fixed length control field 00799nam a2200241 a 4500
003 - CONTROL NUMBER IDENTIFIER
control field OSt
005 - DATE AND TIME OF LATEST TRANSACTION
control field 20140311163006.0
008 - FIXED-LENGTH DATA ELEMENTS--GENERAL INFORMATION
fixed length control field 040720s19uu xx 00 eng d
020 ## - INTERNATIONAL STANDARD BOOK NUMBER
International Standard Book Number 0-240-80509-7
050 ## - LIBRARY OF CONGRESS CALL NUMBER
Classification number KF 2805
Item number .C74 2003
100 ## - MAIN ENTRY--PERSONAL NAME
Personal name Creech, Kenneth
9 (RLIN) 30506
245 ## - TITLE STATEMENT
Title Electronic media law and regulation /
Statement of responsibility, etc Kenneth Creech.
250 ## - EDITION STATEMENT
Edition statement 4th ed.
260 ## - PUBLICATION, DISTRIBUTION, ETC. (IMPRINT)
Place of publication, distribution, etc Oxford :
Name of publisher, distributor, etc Focal press,
Date of publication, distribution, etc c2003.
300 ## - PHYSICAL DESCRIPTION
Extent xxiii, 460 p. :
Dimensions 22 cm.
500 ## - GENERAL NOTE
General note Includes Index.
650 ## - SUBJECT ADDED ENTRY--TOPICAL TERM
Topical term or geographic name as entry element Telivision
General subdivision Law and legislation
-- United States.
9 (RLIN) 30507
650 ## - SUBJECT ADDED ENTRY--TOPICAL TERM
Topical term or geographic name as entry element Radio
General subdivision Law and legislation
-- United States.
9 (RLIN) 30508
650 ## - SUBJECT ADDED ENTRY--TOPICAL TERM
Topical term or geographic name as entry element Mass media
General subdivision Law and legislation
-- United States.
9 (RLIN) 30509
650 ## - SUBJECT ADDED ENTRY--TOPICAL TERM
Topical term or geographic name as entry element Internet
General subdivision Law and legislation
-- United States.
9 (RLIN) 30510
942 ## - ADDED ENTRY ELEMENTS (KOHA)
Koha item type Books
Source of classification or shelving scheme Library of Congress Classification
Call number prefix Foreign
Holdings
Withdrawn status Lost status Source of classification or shelving scheme Damaged status Home library Current library Shelving location Date acquired Total Checkouts Total Renewals Full call number Barcode Date last seen Date checked out Price effective from Koha item type
    Library of Congress Classification   College Library College Library General Circulation Section 07/20/2004 1 2 KF 2805 .C74 2003 C5085 05/15/2018 09/09/2014 02/19/2014 Books

Electronic media law and regulation /

APA

Creech K., . (2003). Electronic media law and regulation. Oxford: Focal press.

Chicago

Creech Kenneth, . 2003. Electronic media law and regulation. Oxford: Focal press.

Harvard

Creech K., . (2003). Electronic media law and regulation. Oxford: Focal press.

MLA

Creech Kenneth, . Electronic media law and regulation. Oxford: Focal press. 2003.

  • Place hold
  • Print
  • Cite
  • Add to your cart (remove)
  • Save record
    BIBTEX Dublin Core MARCXML MARC (non-Unicode/MARC-8) MARC (Unicode/UTF-8) MARC (Unicode/UTF-8, Standard) MODS (XML) RIS
  • More searches
    Search for this title in:
    Other Libraries (WorldCat) Other Databases (Google Scholar) Online Stores (Bookfinder.com) Open Library (openlibrary.org)

Exporting to Dublin Core...

SOUTHVILLE LIBRARY

Southville International School and Colleges Library

1281 Tropical Ave. Cor. Luxembourg St., BF Homes International, Las Pinas City

Tel. No. 8256374 / 252358 Loc. 117/146

Powered by Koha